Foreign-Born Population: France Quiz Stats

Quiz Updated Feb 8, 2017

Challenge
Share
Tweet
Embed
Score 0/20 Timer 05:00
1 Play Today
Foreign-Born Population Country % Correct
152,592United Kingdom
94.2%
128,440Germany
94.1%
245,077Spain
93.5%
292,592Italy
88.2%
75,358China
80%
105,134Belgium
77.2%
599,333Portugal
76.9%
692,923Morocco
76%
748,034Algeria
74.3%
52,919Switzerland
73.2%
Foreign-Born Population Country % Correct
91,062Poland
70.3%
251,220Tunisia
60.1%
248,159Turkey
58.9%
161,466Vietnam
45.1%
57,390Côte d'Ivoire
44.8%
73,449Senegal
41.4%
57,546Mali
39.6%
55,639Cameroon
32.9%
61,699Haiti
24.6%
66,110Serbia
22.5%

You're not logged in!

Compare scores with friends on all Sporcle quizzes.
Join for Free
OR
Log In

You Might Also Like...

Show Comments

Extras

Top Quizzes Today


Score Distribution

Your Account Isn't Verified!

In order to create a playlist on Sporcle, you need to verify the email address you used during registration. Go to your Sporcle Settings to finish the process.

Report this User

Report this user for behavior that violates our Community Guidelines.

Details: